00260nam a2200121Ia 45000030006000000080041000060400015000471000018000622450020000802600009001005460012001090050017001210STCL150530s9999 xx 000 0 und d aSTCLcSTCL aLewis, R.W.B. aHerman Melville c1962 aEnglish20220125171340.0